00816nam a2200193 a 450000100100000000500170001000800410002702000150006804000250008310000310010824501140013926000720025330000210032549000370034650000720038383000440045595201060049999900170060500003922020201002031540.0130611s1987 sp 000 0 spa d a8400066618 aDO-SdBNPbspacBNPHU1 aDíez Merino, Luis96542110aTargum de Qohelet :bedición príncipe del Ms. Villa-Amil n. 5 de Alfonso de Zamora /cLuis Díez Merino. aMadrid :bConsejo Superior de Investigaciones Científicas,c1987. a405 p. ;c26 cm.1 aBiblioteca Hispana bíblicav13 aTexto en arameo, con traducción latina y comentarios en español 0aBiblioteca Hispana bíblicav13965422 0010507-18MOaGRbGRcOId2013-06-11iLF1l0o p39220-10r2020-06-25w2020-06-25y1ZNo se presta c38710d38710